Harry Potter - Film oder Buch? - Statistiken

Allgemein
  • Dieses Quiz wurde 3.779 mal gespielt
    3.731 seit der letzten Aktualisierung
  • Das Durchschnittsergebnis liegt bei 13 aus 15
Antwortstatistiken
Frage Antwort % Korrekt
Hermine gründet B.Elfe.R Buch
96%
Barty Crouch wurde nach seinem Tod in einen Knochen verwandelt Buch
93%
Draco belegt Hermine mit einem Zauber durch den ihr Hauer wachsen Buch
93%
Peeves macht den Schülern das Leben zur Hölle Buch
92%
Harry nahm Vielsafttrank, um undercover auf der Hochzeit von Bill und Fleur dabei zu sein Buch
91%
Harry lernt durch den Halbblutprinzen den Zauber Levicorpus Buch
90%
Harry trifft Draco zum ersten mal in Hogwarts Film
89%
Die Maulende Myrte begegnet Harry im Schwarzen See in der 2. Prüfung des Trimagischen Turniers Buch
87%
Die Weasley-Zwillinge stören die Zag-Prüfungen mit Feuerwerken Film
87%
Die Todesser zünden den Fuchsbau an Film
86%
Beauxbatons ist eine Mädchenschule Film
85%
Neville stellt sich gegen Malfoy Buch
84%
Das Labyrinth im Trimagischen Turnier beherbergte keine Monster Film
84%
Einige Türen in Hogwarts müssen nett gebeten werden, damit sie sich öffnen Buch
80%
Umbridge schikaniert Flitwick indem sie seine Körpergröße misst Film
68%
Keine übereinstimmenden Quizze gefunden
Verteilung der Resultate
Anzahl Personen mit jedem Resultat
Perzentil nach korrekt beantworteten Fragen
Ihre Resultats-Entwicklung
Sie haben dieses Quiz seit der letzten Aktualisierung nicht gespielt